000 00604nam a22001577a 4500
999 _c61867
_d61867
005 20240530164250.0
008 240530s1998 enk||||| |||| 00| 0 eng d
020 _a0335198457x
080 _a005 F-63
245 _aFinancial Management for the Public Services /
_cEdited by John Wilson.
264 _aBuckingham :
_bOpen University Press,
_c1998.
300 _a280 p. :
_b23 cm.
653 _aსაჯარო სამსახურების ფინანსური მენეჯმენტი
700 _aWilson, John
_eრედაქტორი
_97572
942 _2udc
_cᲬᲘᲒᲜᲘ